Minnesota Wild Leaders - Statistics

General Stats
  • This quiz has been taken 85 times
    17 since last reset
  • The average score is 55 of 101
Answer Stats
Stat Number Answer % Correct
Most Goals 230 Kirill Kaprizov
100%
Most Assists 245 Kirill Kaprizov
100%
Most Points 475 Kirill Kaprizov
100%
Most Game Winning Goals 34 Kirill Kaprizov
100%
Most Goals 144 Matt Boldy
100%
Most Points 329 Matt Boldy
100%
Most Game Winning Goals 27 Matt Boldy
100%
Most Games Played (Goalie) 192 Filip Gustavsson
83%
Most Wins 101 Filip Gustavsson
83%
Most Shutouts 15 Filip Gustavsson
83%
Best Career Save Percentage .911 Filip Gustavsson
83%
Best Career Goals Against Average 2.61 Filip Gustavsson
83%
Most Games Played (Goalie) 123 Marc-André Fleury
83%
Most Wins 64 Marc-André Fleury
83%
Most Shutouts 5 Marc-André Fleury
83%
Best Career Save Percentage .902 Marc-André Fleury
83%
Best Career Goals Against Average 2.90 Marc-André Fleury
83%
Most Goals 123 Jared Spurgeon
75%
Most Assists 315 Jared Spurgeon
75%
Most Points 438 Jared Spurgeon
75%
Most Games Played 1012 Jared Spurgeon
75%
Most Game Winning Goals 25 Jared Spurgeon
75%
Most Goals 205 Mikko Koivu
75%
Most Assists 504 Mikko Koivu
75%
Most Points 709 Mikko Koivu
75%
Most Games Played 1028 Mikko Koivu
75%
Most Game Winning Goals 33 Mikko Koivu
75%
Most Goals 199 Zach Parise
75%
Most Points 400 Zach Parise
75%
Most Games Played 558 Zach Parise
75%
Most Game Winning Goals 39 Zach Parise
75%
Most Games Played (Goalie) 328 Devan Dubnyk
67%
Most Wins 177 Devan Dubnyk
67%
Most Shutouts 23 Devan Dubnyk
67%
Best Career Save Percentage .918 Devan Dubnyk
67%
Best Career Goals Against Average 2.41 Devan Dubnyk
67%
Most Assists 271 Mats Zuccarello
67%
Most Points 389 Mats Zuccarello
67%
Most Games Played (Goalie) 409 Niklas Bäckström
67%
Most Wins 194 Niklas Bäckström
67%
Most Shutouts 28 Niklas Bäckström
67%
Best Career Save Percentage .915 Niklas Bäckström
67%
Best Career Goals Against Average 2.48 Niklas Bäckström
67%
Most Assists 314 Ryan Suter
67%
Most Points 369 Ryan Suter
67%
Most Games Played 656 Ryan Suter
67%
Most Goals 155 Joel Eriksson Ek
58%
Most Points 350 Joel Eriksson Ek
58%
Most Games Played 614 Joel Eriksson Ek
58%
Most Game Winning Goals 22 Joel Eriksson Ek
58%
Most Goals 219 Marián Gáborík
58%
Most Assists 218 Marián Gáborík
58%
Most Points 437 Marián Gáborík
58%
Most Game Winning Goals 43 Marián Gáborík
58%
Most Shutouts 5 Jesper Wallstedt
50%
Most Games Played 584 Marcus Foligno
50%
Most Games Played (Goalie) 167 Dwayne Roloson
42%
Most Wins 62 Dwayne Roloson
42%
Most Shutouts 15 Dwayne Roloson
42%
Best Career Save Percentage .919 Dwayne Roloson
42%
Best Career Goals Against Average 2.28 Dwayne Roloson
42%
Most Game Winning Goals 23 Eric Staal
42%
Most Assists 216 Jonas Brodin
42%
Most Games Played 915 Jonas Brodin
42%
Most Games Played (Goalie) 260 Manny Fernandez
42%
Most Wins 113 Manny Fernandez
42%
Most Shutouts 12 Manny Fernandez
42%
Best Career Save Percentage .914 Manny Fernandez
42%
Best Career Goals Against Average 2.47 Manny Fernandez
42%
Most Assists 224 Mikael Granlund
42%
Most Goals 119 Andrew Brunette
33%
Most Assists 202 Andrew Brunette
33%
Most Games Played (Goalie) 82 Cam Talbot
33%
Most Wins 51 Cam Talbot
33%
Most Shutouts 5 Cam Talbot
33%
Best Career Save Percentage .913 Cam Talbot
33%
Best Career Goals Against Average 2.71 Cam Talbot
33%
Most Assists 241 Pierre-Marc Bouchard
33%
Most Points 347 Pierre-Marc Bouchard
33%
Most Games Played 565 Pierre-Marc Bouchard
33%
Most Goals 120 Ryan Hartman
33%
Most Game Winning Goals 24 Ryan Hartman
33%
Most Goals 132 Jason Zucker
25%
Most Game Winning Goals 22 Jason Zucker
25%
Most Games Played (Goalie) 151 Josh Harding
25%
Most Wins 60 Josh Harding
25%
Most Shutouts 10 Josh Harding
25%
Best Career Save Percentage .918 Josh Harding
25%
Best Career Goals Against Average 2.45 Josh Harding
25%
Most Games Played 598 Matthew Dumba
25%
Most Games Played (Goalie) 89 Alex Stalock
17%
Most Wins 37 Alex Stalock
17%
Most Shutouts 5 Alex Stalock
17%
Best Career Save Percentage .909 Alex Stalock
17%
Best Career Goals Against Average 2.77 Alex Stalock
17%
Most Games Played (Goalie) 102 Darcy Kuemper
17%
Most Wins 41 Darcy Kuemper
17%
Most Shutouts 7 Darcy Kuemper
17%
Best Career Save Percentage .910 Darcy Kuemper
17%
Best Career Goals Against Average 2.59 Darcy Kuemper
17%
Most Games Played 743 Nick Schultz
17%
No matching quizzes found
Score Distribution
Percent of People with Each Score
Percentile by Number Answered
Your Score History
You have not taken this quiz since the last reset